000 00300nam a2200085Ia 4500
245 0 _aWith faith in the works of words : the beginnings of reconciliation in South Africa, 1985-1995
100 _a Doxtader, Erik Claremont, 2009
_978532
942 _cBK
008 210817s9999 xx 000 0 und d
999 _c271628
_d271627